000 00439nam a2200181Ia 4500
003 OSt
005 20230511150647.0
008 210423s1990 xx 000 0 und d
040 _cAL
041 _aeng
082 _a370
_223
_bILLD
100 _aILLICH (Ivan D).
_9103571
245 _aDisclosing society.
260 _aKottaym
_bOxford University Press
_c1990
365 _cINR
906 _aDisclosing ; society.
942 _2ddc
_cBK
999 _c172037
_d172037